• D'Agostino F., Di Pietro M.L., Gensabella M., Battaglia L.,

di Personal Name

Records bibliografici associati: 1

001 - CONTROL NUMBER

  • control field: 62258

003 - CONTROL NUMBER IDENTIFIER

  • control field:

005 - DATE AND TIME OF LATEST TRANSACTION

  • control field: 20250606113937.0

008 - FIXED-LENGTH DATA ELEMENTS

  • fixed length control field: 250606|| aca||aabn | a|a d

040 ## - CATALOGING SOURCE

  • Original cataloging agency:
  • Transcribing agency:

100 ## - HEADING--PERSONAL NAME

  • Personal name: D'Agostino F., Di Pietro M.L., Gensabella M., Battaglia L.,
  • Personal name: Bosco Lucarelli M.R

670 ## - SOURCE DATA FOUND

  • Source citation: Work cat.: ()244656: Vigna Carmelo (et al.) 61020, La procreazione assistita. Problemi etici e giuridici, 2002
CREDITS: SOCIETA' SAN PAOLO Via A.Severo, 58 - ROMA (RM) & PERIODICI SAN PAOLO SRL Via Giotto, 36 MILANO & CISF Via Giotto, 36 MILANO & EDIZIONI SAN PAOLO SRL,  Piazza Soncino, 5 CINISELLO BALSAMO (MI) -- ITALY